000
00360nam a2200133Ia 4500
008
100328s9999 xx 000 0 und d
082
_b
39610
100
_a
दिघे प्रभाकर
245
_a
जनावर
260
_b
फॉरवड पब्लिकेशन
630
_a
जनावर
730
_a
जनावर
942
_c
BOOK
999
_c
528519
_d
528516